Grafická notace vizuálních programovacích jazyků v GIS = Graphical notation of visual programming languages in GIS : teze habilitační práce /

Hlavní autor: Dobešová, Zdena, 1964-
Korporativní autor: Univerzita Pardubice. Ekonomicko-správní fakulta
Jazyk: Čeština
Vydáno: Pardubice : Univerzita Pardubice, 2017
Vydání: Vydání první
Edice: Teze habilitační práce
Témata:
Fyzický popis: 33 stran : barevné ilustrace ; 21 cm
Language note: České a anglické resumé
Knihy
Uloženo v:
LEADER 02215nam a2200553 i 4500
001 nkc20172894069
003 CZ PrNK
005 20170530091324.0
007 ta
008 170424s2017 xr a f m 000 0 cze
015 |a cnb002894069 
020 |a 978-80-7560-061-5  |q (brožováno)  |z 978-80-7395-061-5 
035 |a (OCoLC)989896754 
040 |a BOA001  |b cze  |e rda 
041 0 |a cze  |b cze  |b eng 
072 7 |a 004.4/.6  |x Programování. Software  |2 Konspekt  |9 23 
080 |a 004.43'236  |2 MRF 
080 |a 004.9:91  |2 MRF 
080 |a (043.5)  |2 MRF 
080 |a (048.3)  |2 MRF 
100 1 |a Dobešová, Zdena,  |d 1964-  |7 mzk2004261035  |4 dis 
245 1 0 |a Grafická notace vizuálních programovacích jazyků v GIS =  |b Graphical notation of visual programming languages in GIS : teze habilitační práce /  |c Zdena Dobešová 
246 3 1 |a Graphical notation of visual programming languages in GIS 
250 |a Vydání první 
264 1 |a Pardubice :  |b Univerzita Pardubice,  |c 2017 
300 |a 33 stran :  |b barevné ilustrace ;  |c 21 cm 
336 |a text  |b txt  |2 rdacontent 
337 |a bez média  |b n  |2 rdamedia 
338 |a svazek  |b nc  |2 rdacarrier 
490 1 |a Teze habilitační práce 
500 |a 40 výtisků 
502 |a Teze habilitační práce (Ph.D.)--Univerzita Pardubice, Fakulta ekonomicko-správní, 2017 
504 |a Obsahuje bibliografie 
546 |a České a anglické resumé 
650 0 7 |a vizuální programovací jazyky  |7 ph127124  |2 czenas 
650 0 7 |a geografické informační systémy  |7 ph114617  |2 czenas 
650 0 9 |a visual programming languages  |2 eczenas 
650 0 9 |a geographical information systems  |2 eczenas 
655 7 |a habilitační práce  |7 fd185153  |2 czenas 
655 7 |a teze  |7 fd133701  |2 czenas 
655 9 |a habilitation theses  |2 eczenas 
655 9 |a abstracts  |2 eczenas 
710 2 |a Univerzita Pardubice.  |b Ekonomicko-správní fakulta  |7 kn20010709381  |4 isb 
810 2 |a Univerzita Pardubice.  |b Ekonomicko-správní fakulta.  |t Teze habilitační práce  |0 s 
910 2 |a BOA001  |b 2-1387.556 
990 |a BK 
995 |a 01 
991 |b 201705  |c NOV 
996 6 |b 2610706465  |c 2-1387.556  |l MZK  |r Sklad / do 1 hodiny  |n 1  |p p.v.  |w 001610849  |u 000010  |a 1  |e BOA001  |j MZK50  |s P